Les plus grandes agglomérations du Pérou - Statistiques

Statistiques générales
  • Ce quiz a été pris 39 fois
  • Le résultat moyen est 7 sur 16
Statistiques - réponses
Place Habitants Nom % Correct
1. 12 804 609 Agglomération de Lima
97%
2. 1 725 616 Agglomération de Arequipa
77%
6. 1 057 519 Agglomération de Cuzco
77%
7. 1 013 551 Agglomération de Iquitos
51%
3. 1 182 724 Agglomération de Trujillo
51%
13. 722 473 Agglomération de Ica
40%
12. 766 192 Agglomération de Tacna
37%
15. 627 801 Agglomération de Ayacucho
34%
5. 1 110 709 Agglomération de Piura
34%
8. 981 574 Agglomération de Chimbote
29%
9. 938 283 Agglomération de Huancayo
29%
4. 1 138 878 Agglomération de Chiclayo
26%
14. 680 274 Agglomération de Juliaca
26%
11. 818 170 Agglomération de Cajamarca
23%
10. 867 733 Agglomération de Pucallpa
20%
16. 595 799 Agglomération de Huánuco
17%
Aucun quiz correspondant
Distribution des résultats
% des personnes avec chaque résultat
Percentile par nombre de réponses
Votre historique - résultats
Vous n’avez pas pris ce quiz